000 00650nam a22002057a 4500
003 OSt
005 20260127054509.0
008 260127b |||||||| |||| 00| 0 eng d
020 _a971-513-212-X.
040 _aDWC-Main lib.
_cOC
082 _21st ed.
_aCirc. 579 B352m 2006
100 _aBautista, Joy N.
245 _aMicrobiology and parasitology for the health professions/
_cJoy N. Bautista
260 _aManila :
_bEducational Publishing House,
_cc2006.
300 _a690 p. :
_billustration ;
_c25 cm.
650 _a1. Parasitology.
650 _a2. Microbiology.
760 _b1st ed.
942 _2ddc
_cBK-CIRC
_e1st ed.
_hCirc.
_n0
999 _c7868
_d7868